00851nam a22002531i 4500999001500000003000400015005001700019008004100036020001800077040001400095080001200109080001700121100002600138245005400164246005500218260005000273300003100323490003200354650003200386650003500418710003800453942001300491952009300504 c7355d7355OSt20260515062531.0201112s2008 fr o 000 0 fre d a9782915536720 bcatcCDMR a77 Reza a77.03:070.130 aReza (d1952-)eautor10a100 photos de Reza pour la liberté de la presse30aCent photos de Reza pour la liberté de la presse aParis : bReporters sans frontières, c2008 a144 p. : bfotos ; c29 cm0 aPour la liberté de presse 0aFotografia documental93095 0aLlibertat d'informació915742 aReporters Sans Frontières91923 2udccMON 00104070aCDMRbCDMRd2021-07-15l0oAr /46pCDMR21070002r2021-07-15w2021-07-15yMON